Immagini simboliche : studi sull'arte nel rinascimento /
Gespeichert in:
| 1. Verfasser: | |
|---|---|
| Format: | Buch |
| Sprache: | Italienisch |
| Veröffentlicht: |
Torino :
Einaudi,
1979
|
| Ausgabe: | Rist. della 2. ed |
| Schriftenreihe: | Saggi ;
589 |
| Schlagworte: | |
| Tags: |
Keine Tags, Fügen Sie das erste Tag hinzu!
|
MARC
| LEADER | 00000nam a22000007i 4500 | ||
|---|---|---|---|
| 001 | IT\ICCU\RAV\0022085 | ||
| 003 | ItRI | ||
| 005 | 20251118154831.0 | ||
| 008 | 871219s1979 it |||||| ||||| |||||c | ||
| 040 | |b ita |c Arcigay Viterbo | ||
| 041 | 7 | |a ita |2 ISO-639-2 | |
| 082 | |a 709.02 |2 12 | ||
| 100 | 1 | |a Gombrich, E. H. |0 IT\ICCU\CUBV\077805 |4 aut | |
| 240 | 1 | 0 | |a Symbolic images |9 Gombrich, E. H. |
| 245 | 1 | 0 | |a Immagini simboliche : |b studi sull'arte nel rinascimento / |c Ernst H. Gombrich ; traduzione di Renzo Federici. |
| 250 | |a Rist. della 2. ed | ||
| 260 | |a Torino : |b Einaudi, |c 1979 | ||
| 300 | |a XXIV, 335 p., \48! c. di tav. ; |c 21 cm. | ||
| 650 | 7 | |a Arte |x Storia |x Sec. 15.-16. |2 scbi | |
| 650 | 7 | |a Simbolismo <arte> |2 scbi | |
| 830 | 0 | |a Saggi ; |v 589 |0 IT\ICCU\CFI\0000099 | |
| 942 | |2 ddc |c BK |n 0 | ||
| 952 | |0 0 |1 0 |2 ddc |4 0 |6 709_020000000000000_GOM_IMM |7 0 |9 9917 |a VT |b VT |d 2025-11-18 |e Dono della Biblioteca Consorziale di Viterbo |i B440 |l 0 |o 709.02 GOM IMM |p B440 |r 2025-11-18 15:49:25 |w 2025-11-18 |y BK |z Dono della Biblioteca Consorziale di Viterbo | ||
| 981 | 1 | |6 z01 |a i |b xxxe | |
| 982 | 1 | |6 z01 |a n | |
| 999 | |c 8267 |d 8267 | ||